|
003 -Nazwa inst., której nr kontr. jest w polu 001 [,]
|
-
- @
- Nazwa instytucji, której n kontrolny jest w polu 001
- NUKAT
|
|
005 -DATA I CZAS OSTATNIEJ MODYFIKACJI [,]
|
-
- @
- pole kontrolne
- 20241231091206.0
|
|
040 -Instytucja sporządzająca opis [ , ]
|
-
- a
- Instytucja, która sporządziła opis (NP)
- KIEL 010/ES
-
- c
- Instytucja, która sporządziła rekord (NP)
- KIEL 010/ES
-
- d
- Instytucja, która zmodyfikowała rekord (P)
- KIEL 010/ES
-
- d
- Instytucja, która zmodyfikowała rekord (P)
- SZCZ M/KB
-
- d
- Instytucja, która zmodyfikowała rekord (P)
- WA U/DNs
-
- d
- Instytucja, która zmodyfikowała rekord (P)
- WR U/PAdjm
|
|
041 -Język dokumentu [0, ]
|
-
- a
- Język tekstu (P)
- polski
-
- a
- Język tekstu (P)
- angielski
-
- b
- Język streszczeń lub abstraktu (P)
- angielski
|
|
942 -Rodzaj dokumentu [ , ]
|
-
- c
- Rodzaj dokumentu
- Książka
|
|
490 -Strefa serii i książki wielotomowej - forma nie do wyszukiwania [1, ]
|
-
- a
- Tytuł (P)
- Zeszyty Naukowe / Uniwersytet Szczeciński. Finanse, Rynki Finansowe, Ubezpieczenia,
-
-
|
|
490 -Strefa serii i książki wielotomowej - forma nie do wyszukiwania [1, ]
|
-
- a
- Tytuł (P)
- Czas na Pieniądz
|
|
830 -Hasło dodatkowe serii i opisu książki wielotomowej - tytuł ujednolicony/tytuł [ ,0]
|
-
- a
- Tytuł ujednolicony/tytuł (NP)
- Zeszyty Naukowe - Uniwersytet Szczeciński
-
-
- v
- Oznaczenie tomu (NP)
- nr 639
-
|
|
830 -Hasło dodatkowe serii i opisu książki wielotomowej - tytuł ujednolicony/tytuł [ ,0]
|
-
- a
- Tytuł ujednolicony/tytuł (NP)
- Zeszyty Naukowe - Uniwersytet Szczeciński.
-
- p
- Nazwa części/podserii/sekcji (P)
- Finanse, Rynki Finansowe, Ubezpieczenia
-
-
- v
- Oznaczenie tomu (NP)
- nr 37
-
|
|
830 -Hasło dodatkowe serii i opisu książki wielotomowej - tytuł ujednolicony/tytuł [ ,0]
|
-
- a
- Tytuł ujednolicony/tytuł (NP)
- Czas na Pieniądz
-
|
|
500 -Uwaga ogólna [ , ]
|
-
- a
- Uwaga ogólna (NP)
- W serii gł.: nr 639.
|
|
500 -Uwaga ogólna [ , ]
|
-
- a
- Uwaga ogólna (NP)
- Na okł.: Investment, business valuation, value-based management.
|
|
500 -Uwaga ogólna [ , ]
|
-
- a
- Uwaga ogólna (NP)
- Wstęp: Artykuły zostały opracowane i w większości zaprezentowane w czasie dwunastej Międzynarodowej Konferencji "Zarządzanie Finansami", zorganizowanej w kwietniu 2011 roku przez Katedrę Inwestycji i Wyceny Przedsiębiorstw Uniwersytetu Szczecińskiego.
|
|
504 -Uwaga dot. bibliogr. załącznikowej [ , ]
|
-
- a
- Uwaga dot. bibliografii załącznikowej
- Bibliogr. przy art.
|
|
546 -Uwaga dot. języka [ , ]
|
-
- a
- Uwaga dot. języka
- Tekst częśc. w jęz. ang.
|
|
546 -Uwaga dot. języka [ , ]
|
-
- a
- Uwaga dot. języka
- Streszcz. art. pol. w jęz. ang.
|
|
080 -Uniwersalna Klasyfikacja Dziesiętna [ , ]
|
-
- 2
- Identyfikator wydania tablic
- UDC-P058
-
-
- a
- Symbol klasyfikacji
- 334.72:657.92
-
- b
- Dopowiedzenie
- Wycena (oszacowanie) przedsiębiorstw.
-
-
- x
- Poddział wspólny
- (082.1)
-
- c
- Dopowiedzenie poddz. wspólnego
- (Zbiory prac różnych autorów. Księgi pamiątkowe).
|
|
080 -Uniwersalna Klasyfikacja Dziesiętna [ , ]
|
-
- 2
- Identyfikator wydania tablic
- UDC-P058
-
-
- a
- Symbol klasyfikacji
- 330.322.5
-
- b
- Dopowiedzenie
- Rentowność, efektywność inwestycji. Kalkulacja kosztów inwestycji. Mierzenie efektywności inwestycji.
-
-
- x
- Poddział wspólny
- (082.1)
-
- c
- Dopowiedzenie poddz. wspólnego
- (Zbiory prac różnych autorów. Księgi pamiątkowe).
|
|
080 -Uniwersalna Klasyfikacja Dziesiętna [ , ]
|
-
- 2
- Identyfikator wydania tablic
- UDC-P058
-
-
- a
- Symbol klasyfikacji
- 336.76
-
- b
- Dopowiedzenie
- Giełda papierów wartościowych. Rynek pieniężny. Rynek kapitałowy. Rynek finansowy.
-
-
- x
- Poddział wspólny
- (082.1)
-
- c
- Dopowiedzenie poddz. wspólnego
- (Zbiory prac różnych autorów. Księgi pamiątkowe).
|
|
650 -Hasło przedmiotowe [ ,7]
|
-
- a
- Hasło przedmiotowe
- Zarządzanie finansowe
-
- v
- Określnik formalny
- konferencje.
-
-
|
|
650 -Hasło przedmiotowe [ ,7]
|
-
- a
- Hasło przedmiotowe
- Przedsiębiorstwa
-
- x
- Określnik rzeczowy
- ocena
-
- v
- Określnik formalny
- konferencje.
-
-
|
|
980 -Symbol UKD [ , ]
|
-
- a
- UKD
- 334.72:657.92:330.322.5:336.76](082.1)
|